Quiz di cultura generale #45 - Statistics

Statistiche generali
  • Questo quiz è stato fatto 924 volte
  • Il punteggio medio è 14 su 20
Statistiche sulle risposte
DOMANDA RISPOSTA % Corretto
Tipo di latticino che solitamente si mette nella pizza Mozzarella
99%
L'elefante più famoso della Disney Dumbo
97%
Azienda che ha comprato Instagram nel 2012 Meta/Facebook
89%
Città più popolosa dell'Umbria Perugia
84%
Isola indipendente divisa tra influenza turca e greca Cipro
81%
Isola in cui nacque Napoleone Corsica
81%
Isola sede dell'antica civiltà minoica Creta
78%
Il più famoso sport in India Cricket
77%
Città francese della Costa Azzurra famosa per il suo festival del cinema Cannes
76%
Città più popolosa del Canada Toronto
75%
La missione che portò per la prima volta l'uomo sulla luna Apollo 11
73%
La scala con la quale si misurano i terremoti (la più usata) Richter
72%
In quale stato USA si trova Pearl Harbor? Hawaii
70%
L'elemento numero 2 della tavola periodica Elio
68%
Giorno della presa della Bastiglia (numero in numeri e mese in lettere) 14 Luglio
63%
La famiglia a cui apparteneva Giulietta Capuleti
57%
Lago più grande al mondo Caspio/Mar Caspio
45%
Fiume che attraversa il Grand Canyon (nome anche di uno stato Usa) Colorado
45%
L'opposto del nadir Zenit
39%
Nazione dove si parla lo khmer Cambogia
27%
Nessun quiz corrispondente trovato
Distribuzione punteggi
Percentuale di utenti per punteggio
Percentile per numero di risposta
I tuoi punteggi nel tempo
Non hai fatto questo quiz